000 00768nam a22002177a 4500
999 _c21056
_d21056
003 AR-CdUCM
008 190726b ||||| |||| 00| 0 spa d
040 _aMUNICIPALIDAD PROVINCIAL DEL CUSCO
_cBIBLIOTECA MUNICIPAL DEL CUSCO
082 _aES / 372.7 /
_bF84
100 _aFrisch, Gabrielle
_943853
245 _aGuía metodológica para docentes del primer ciclo /
260 _aCusco :
_bPukllasunchis,
300 _bilustraciones ;
_c29 cm.
505 _aContenido : v.1 hacia el numero aprendamos matemáticas -- v.4 Matematización de situaciones -- v.5 Maquinas y técnicas operativas.
650 _aEnseñanza
_91616
650 _aEducación
_9460
650 _aMetodología
_92264
650 _aMatematica
_920026
942 _2ddc
_cLIBROS
945 _azta